Barron’s IELTS : International Language Testing System /

Salvato in:
Dettagli Bibliografici
Autore principale: Lougheed, Lin, 1946-.
Ente Autore: Barron’s Educational Series, Inc.
Natura: Libro
Lingua:English
Pubblicazione: Tp.HCM : Trẻ, 2010.
Edizione:2nd ed.
Soggetti:
Tags: Aggiungi Tag
Nessun Tag, puoi essere il primo ad aggiungerne! !
Thư viện lưu trữ: Mạng thư viện Đại học Đà Nẵng
LEADER 01514nam a2200409 a 4500
001 000041849
003 37117
005 20201005142256.0
008 171030s2010
020 |c 124000 
040 |a Lnn  |c Lnn  |d Lnn 
041 0 |a eng 
082 0 0 |a 428.1076  |2 22  |b LO-L 
100 1 |a Lougheed, Lin,  |d 1946-. 
245 1 0 |a Barron’s IELTS :  |b International Language Testing System /  |c Lin Lougheed. 
246 3 0 |a IELTS :  |b International English Language Testing System. 
246 3 0 |a International English Language Testing System. 
250 |a 2nd ed. 
260 |a Tp.HCM :  |b Trẻ,  |c 2010. 
300 |a 353 p. ;  |c 26 cm. +  |e 2 sound discs (digital : 4 3/4 in.). 
500 |a Includes bibliographical references and index. 
630 0 4 |a IELTS. 
630 0 4 |a English language. 
650 0 |a International English Language Testing System  |v Study guides. 
650 0 |a English language  |v Textbooks for foreign speakers. 
650 0 |a English language  |x Examinations  |v Study guides. 
710 2 |a Barron’s Educational Series, Inc. 
OWN |a LNN 
902 |a TKA 
AVA |a UDN50  |b LNN  |c English  |d 428.11 LO-L  |e available  |t Error 5001 Not defined in file expand_doc_bib_avail.  |f 1  |g 0  |h N  |i 1  |j AN  |k 1 
999 |a From the UDN01 
AVA |a UDN50  |b LNN  |c English  |d 428.11 LO-L  |e available  |t Error 5001 Not defined in file expand_doc_bib_avail.  |f 1  |g 0  |h N  |i 1  |j AN  |k 1 
TYP |a Monograph 
TYP |a Printed language 
980 |a Mạng thư viện Đại học Đà Nẵng